Syntéza reči v maďarskom jazyku = Speech synthesis of the hungarian language : Dipl.práca

Enregistré dans:
Détails bibliographiques
Auteur principal: Borka, László (Auteur)
Autres auteurs: Rusko, Milan (Directeur de thèse)
Format: Manuscrit Livre
Langue:slovaque
Publié: Bratislava : STU v Bratislave FEI, 1999
Sujets:
Tags: Ajouter un tag
Pas de tags, Soyez le premier à ajouter un tag!

MARC

LEADER 00000ntm a22000003a 4500
001 stu52271
005 20160719164904.6
008 000225s1999----xo------------------slo-d
040 |a STU  |b slo 
041 0 |a slo 
044 |a xo 
100 1 |a Borka, László  |4 aut 
245 1 |a Syntéza reči v maďarskom jazyku = Speech synthesis of the hungarian language :  |b Dipl.práca 
260 |a Bratislava :  |b STU v Bratislave FEI,  |c 1999 
300 |a 61 s 
650 7 |a elektronika  |2 stusub 
700 1 |a Rusko, Milan  |4 ths